Car Brand Logos - Statistics

General Stats
  • This quiz has been taken 169 times
  • The average score is 17 of 20
Answer Stats
Picture Answer % Correct
Ford
99%
Honda
96%
Chevrolet
94%
Jeep
94%
Toyota
94%
BMW/Bavarian Motor Works
93%
Hyundai
93%
Nissan
92%
Ferrari
91%
Volkswagen
90%
Lamborghini
89%
Lexus
86%
Dodge
85%
Porsche
85%
Cadillac
82%
Fiat
82%
Bugatti
73%
Aston Martin
72%
McLaren
70%
Mercury
39%
No matching quizzes found
Score Distribution
Percent of People with Each Score
Percentile by Number Answered
Your Score History
You have not taken this quiz